000 00498nam a2200169Ia 4500
003 IN-BaIIA
008 211028s9999 xx 000 0 eng d
040 _cIIA Library
080 _a12:30.0
_bSIM
100 _aSimon, Edith
_915085
245 4 _athe Reformation
_cEdith Simon
260 _aAmsterdam, Time Life Books
_bTime-Life Books
_c1975
300 _a191p.
650 _aHistory of Civilization
_913602
650 _aNASA thesaurus
942 _cBK
999 _c8977
_d8977